[Event "Budapest FS12 IM"]
[Site "Budapest"]
[Date "1996.??.??"]
[Round "11"]
[White "Peredy, Ferenc"]
[Black "Horvath, Adam"]
[Result "1/2-1/2"]
[WhiteElo "2305"]
[BlackElo "2250"]

1.e4 c5 2.c3 Nf6 3.e5 Nd5 4.d4 cxd4 5.Nf3 e6 6.cxd4 b6 7.Nc3 Nxc3 8.bxc3 Qc7
9.Bd2 Bb7 10.Bd3 d6 11.O-O Nd7 12.Ng5 dxe5 13.Qh5 g6 14.Qh3 Be7 15.Rfe1 Rf8
16.f4 exf4 17.Nxe6 fxe6 18.Qxe6 O-O-O 19.Qxe7 f3 20.gxf3 Rxf3 21.Be4 Bxe4
22.Qxe4 Rdf8 23.Rf1 Rxf1+ 24.Rxf1 Rxf1+ 25.Kxf1 Qxh2 26.Bf4 Qh3+ 27.Ke2 Qh5+
28.Ke1 Qh4+ 29.Kd1 Nf6 30.Qa8+ Kd7 31.Qxa7+ Kc6 32.Qc7+ Kd5 33.Kc2 Ng4 34.Qb7+ Ke6
35.Qxb6+ Kf5 36.Bd2 Nf6 37.Qc5+ Kg4 38.Qe5 Qf2 39.Qg5+ Kh3 40.Qh6+ Kg3 41.Kb3 Ng4
42.Qxh7 Qxd2 43.Qxg6 Qf4 44.a4 Kf3 45.a5 Ne3 46.Qc6+ Ke2 47.a6 Kd2 48.Qc5 Qe4
49.d5 Qc2+ 50.Kb4 Qb2+ 51.Ka5 Qb3 52.Qd4+ Ke2 53.Qb4 Qa2+ 54.Qa4 Qd2 55.Qb5+ Kf3
56.a7 Qxc3+ 57.Kb6 Qf6+ 58.Qc6 Nxd5+ 59.Kc5 Qe7+  1/2-1/2

[Event "Budapest FS04 GM"]
[Site "Budapest"]
[Date "1996.??.??"]
[Round "11"]
[White "Acs, Peter"]
[Black "Stocek, Jiri"]
[Result "0-1"]
[WhiteElo "2440"]
[BlackElo "2465"]

1.e4 c5 2.c3 Nf6 3.e5 Nd5 4.d4 cxd4 5.Nf3 Nc6 6.Bc4 Nb6 7.Bb3 g6 8.Ng5 d5
9.exd6 e6 10.Qf3 Ne5 11.Qg3 Bg7 12.O-O O-O 13.Qh3 h6 14.Ne4 f5 15.cxd4 Nf7
16.Nc5 Qxd6 17.Nc3 Kh7 18.Be3 f4 19.N3e4 Qe7 20.Bd2 Nd5 21.Bc3 b6 22.Nd3 Nxc3
23.bxc3 Bb7 24.f3 e5 25.d5 Bc8 26.g4 fxg3 27.Qxg3 Nd6 28.Nxd6 Qxd6 29.Nf2 Bf5
30.Rae1 Qc5 31.Kg2 Qxc3 32.Rc1 Qb2 33.Rc7 e4 34.Re1 exf3+ 35.Kg1 Rae8 36.Rf1 Kh8
37.Qxf3 Re2 38.d6 Bg4 39.Qxg4 Rexf2 40.Rxf2 Qxf2+ 41.Kh1 Qe1+ 42.Kg2 Qf1+
43.Kg3 Qf2+  0-1

[Event "Budapest FS02 IM"]
[Site "Budapest"]
[Date "1996.??.??"]
[Round "12"]
[White "Ladanyi, Tibor"]
[Black "Hennig, Dirk"]
[Result "0-1"]
[WhiteElo "2160"]
[BlackElo "2355"]

1.e4 c5 2.c3 Nf6 3.e5 Nd5 4.d4 cxd4 5.Nf3 Nc6 6.cxd4 d6 7.Bc4 Nb6 8.Bb5 d5
9.O-O Bg4 10.Be3 e6 11.Nbd2 Rc8 12.Rc1 Be7 13.a3 O-O 14.b4 Nb8 15.Qb3 a6
16.Bd3 Bh5 17.h3 Bg6 18.Nh2 Qd7 19.Be2 Qa4 20.Nhf3 Qxb3 21.Nxb3 Nc4 22.Bxc4 dxc4
23.Nc5 b6 24.Na4 Nd7 25.Rfd1 Be4 26.Nc3 Bxf3 27.gxf3 b5 28.Ne4 Nb6 29.Nc5 Ra8
30.Bd2 Nd5 31.a4 Rfc8 32.a5 Bxc5 33.dxc5 Kf8 34.Kg2 Ke7 35.f4 g6 36.Kf3 Kd7
37.Ke4 Kc6 38.Be1 Rd8 39.Kf3 Rd7 40.Bd2 Rf8 41.Kg3 f6 42.exf6 Rxf6 43.Re1 Nc7
44.Bc3 Rf5 45.Be5 Rd3+ 46.f3 Nd5 47.Bb8 Nxb4 48.Rxe6+ Kxc5 49.Ba7+ Kd5 50.Rce1 Nc6
51.Bb6 c3  0-1

[Event "Budapest FS03 GM"]
[Site "Budapest"]
[Date "1996.??.??"]
[Round "13"]
[White "Acs, Peter"]
[Black "Volzhin, Alexander"]
[Result "1/2-1/2"]
[WhiteElo "2440"]
[BlackElo "2485"]

1.e4 c5 2.c3 Nf6 3.e5 Nd5 4.d4 cxd4 5.Nf3 Nc6 6.Bc4 Nb6 7.Bb3 d5 8.exd6 Qxd6
9.O-O Be6 10.Bxe6 Qxe6 11.Nxd4 Nxd4 12.Qxd4 Rd8 13.Qh4 Qe2 14.Nd2 e6 15.Qg3 Bd6
16.Qxg7 Be5 17.Qg5 Rd3 18.Nf3 Rd1 19.Nd2 Nc4 20.Rxd1 Qxd1+ 21.Nf1 h6 22.Qh4 Nd2
23.Bxd2 Qxa1 24.Qh5 Bf6 25.Qf3 Bg7 26.Qg3 Bf6 27.Qf4 Ke7 28.Qb4+ Ke8 29.Qxb7 Qxa2
30.Be3 Kf8 31.Bxa7 Kg7 32.g3 Rd8 33.Be3 Rd1 34.Qe4 Qb1 35.Qc4 h5 36.Qb5 h4
37.Qc4 hxg3 38.hxg3 Re1 39.Qg4+ Kh7 40.Qh5+ Kg8 41.Qb5 Bxc3 42.Qe8+ Kg7 43.bxc3 Rxf1+
44.Kg2 Rg1+ 45.Kh2 Rh1+ 46.Kg2 Qe4+ 47.f3 Qxe3 48.Kxh1 Qxf3+ 49.Kh2 Qxc3
50.Qa4 e5 51.Qg4+ Kf8 52.Qg5 Qd4 53.Qf6 Qe3 54.g4 e4 55.g5 Kg8 56.Qd8+ Kh7
57.Qf6 Qf3 58.Qh6+ Kg8 59.g6 Qf2+ 60.Kh1 Qf3+  1/2-1/2

[Event "JUG-chT"]
[Site "Budva"]
[Date "1996.??.??"]
[Round "1"]
[White "Vujicic, Mirko"]
[Black "Cabrilo, Goran"]
[Result "0-1"]
[WhiteElo "2350"]
[BlackElo "2490"]

1.e4 c5 2.c3 Nf6 3.e5 Nd5 4.d4 cxd4 5.Nf3 Nc6 6.cxd4 d6 7.Bc4 Nb6 8.Bb5 dxe5
9.Nxe5 Bd7 10.Bxc6 Bxc6 11.Nxc6 bxc6 12.Nc3 e6 13.Qg4 h5 14.Qf3 Rc8 15.O-O Qxd4
16.Ne4 Be7 17.Rd1 Qe5 18.Be3 O-O 19.Bd4 Qf5 20.Qxf5 exf5 21.Nc3 Rfd8 22.Be3 Bf6
23.Rxd8+ Rxd8 24.Rd1 Re8 25.Rc1 Nc4 26.Bxa7 Nxb2 27.h3 Nd3 28.Rd1 Nb2 29.Rc1 Ra8
30.Be3 Nd3 31.Rd1 Nxf2 32.Bxf2 Bxc3 33.Rc1 Bb2 34.Rxc6 Rxa2 35.Rc5 Ra1+ 36.Kh2 g6
37.h4 Ra4 38.Rc8+ Kg7 39.Re8 Bf6 40.Kh3 Ra3+ 41.Kh2 Ra4 42.Kh3 Re4 43.Rc8 Bd4
44.Bxd4+ Rxd4 45.Rc2 Re4 46.Ra2 Kf6 47.Kg3 f4+ 48.Kf3 Kf5 49.Ra5+ Re5 50.Ra3 Re3+
51.Rxe3 fxe3 52.g3 e2 53.Kxe2 Kg4 54.Kf2 f5 55.Kg2 f4  0-1

[Event "JUG-chT"]
[Site "Budva"]
[Date "1996.??.??"]
[Round "5"]
[White "Mukhametov, Eldar"]
[Black "Marjanovic, Slavoljub"]
[Result "1-0"]
[WhiteElo "2505"]
[BlackElo "2455"]

1.e4 c5 2.c3 Nf6 3.e5 Nd5 4.Nf3 e6 5.d4 cxd4 6.cxd4 b6 7.Nc3 Nxc3 8.bxc3 Qc7
9.Bd2 d6 10.Bd3 Nd7 11.O-O dxe5 12.Re1 Bb7 13.Nxe5 Nxe5 14.Rxe5 Bd6 15.Bb5+ Kf8
16.Rh5 g6 17.Bh6+ Kg8 18.Qd2 a6 19.Bf1 f6 20.Rh3 Kf7 21.c4 Rab8 22.Re1 Rhe8
23.c5 bxc5 24.dxc5 Qxc5 25.Bf4 Bxf4 26.Qxf4 h5 27.Rc1 Qe5 28.Rc7+ Re7 29.Rxe7+ Kxe7
30.Qxe5 fxe5 31.Rb3 a5 32.Ba6 Bxa6 33.Rxb8 Bc4 34.a4  1-0

[Event "Buenos Aires tt"]
[Site "Buenos Aires"]
[Date "1996.??.??"]
[Round "3"]
[White "Reides, Marcelo"]
[Black "Escandell, Juan Carlos"]
[Result "0-1"]
[WhiteElo "2345"]
[BlackElo "2270"]

1.e4 c5 2.c3 Nf6 3.e5 Nd5 4.d4 cxd4 5.Nf3 Nc6 6.cxd4 d6 7.Bc4 Nb6 8.Bb3 dxe5
9.d5 Na5 10.Nc3 Nxb3 11.Qxb3 e6 12.Nxe5 exd5 13.O-O Bd6 14.Qb5+ Bd7 15.Nxd7 Qxd7
16.Re1+ Be7 17.Be3 Qxb5 18.Nxb5 Kd7 19.Bxb6 axb6 20.Nc7 Ra5 21.Rec1 Bd6 22.b4 Bxb4
23.Rd1 Rc8 24.Rab1 Bc5 25.Nxd5 Kc6 26.Nb4+ Kb5 27.Nd3+ Ka6 28.Nxc5+ bxc5
29.Rd6+ Rc6 30.Rxc6+ bxc6 31.Kf1 Rxa2 32.Ke1 c4 33.Rb8 Ra5 34.Rf8 Rd5 35.Rxf7 c3
36.Rf8 c2 37.Ra8+ Kb7  0-1

[Event "Cairo op"]
[Site "Cairo"]
[Date "1996.??.??"]
[Round "5"]
[White "Rizouk, Aimen"]
[Black "Abou el Zein, Eid Mahmoud"]
[Result "1-0"]
[WhiteElo "2295"]
[BlackElo "2325"]

1.e4 c5 2.c3 Nf6 3.e5 Nd5 4.d4 cxd4 5.Nf3 Nc6 6.cxd4 g6 7.Bc4 Nb6 8.Bb3 Bg7
9.O-O O-O 10.Bf4 d5 11.h3 f6 12.Nc3 fxe5 13.Bxe5 Nxe5 14.dxe5 e6 15.Nb5 Nd7
16.Re1 Nc5 17.Rc1 b6 18.Nbd4 a5 19.a3 Bd7 20.Bc2 a4 21.Bb1 Bh6 22.Rc3 Qe7
23.Nh2 Kh8 24.Ng4 Bg7 25.Ree3 Rf4 26.g3 Rff8 27.Qe2 Rac8 28.h4 Be8 29.Rf3 Bd7
30.Rxf8+ Qxf8 31.Nf6 Bxf6 32.Rf3 Qh6 33.exf6 Qh5 34.Qe3 e5 35.f7 Kg7 36.Bf5 gxf5
37.Qxe5+ Kxf7 38.Nxf5 Qxf3 39.Qg7+ Ke6 40.Nd4+ Kd6 41.Nxf3 Ne4 42.Qe5+ Kc6
43.Nd4+ Kc5 44.Nc2 Kc6 45.Nb4+ Kb5 46.Nxd5 Rc1+ 47.Kh2 Nc5 48.Qd6 h5  1-0

[Event "Calcutta op"]
[Site "Calcutta"]
[Date "1996.??.??"]
[Round "8"]
[White "Shankar, Roy"]
[Black "Howell, James C"]
[Result "0-1"]
[WhiteElo "2295"]
[BlackElo "2490"]

1.e4 c5 2.c3 Nf6 3.e5 Nd5 4.d4 cxd4 5.Nf3 Nc6 6.Bc4 Nb6 7.Bb3 d5 8.exd6 Qxd6
9.cxd4 Be6 10.O-O Bxb3 11.Qxb3 e6 12.Nc3 Be7 13.Nb5 Qb8 14.Ne5 Nxd4 15.Nxd4 Qxe5
16.Be3 O-O 17.Nb5 Bf6 18.Bd4 Qd5 19.Bxf6 gxf6 20.Qg3+ Qg5 21.Nd6 Qxg3 22.fxg3 Nd5
23.Rf3 b6 24.g4 Rfd8 25.Ne4 Rac8 26.Raf1 Rc2 27.Nxf6+ Nxf6 28.Rxf6 Rdd2 29.R6f2 Rxb2
30.Rxd2 Rxd2 31.Ra1 b5 32.a3 a6 33.h3 Kf8 34.Kh2 Ke7 35.Kg3 Rd4 36.Kh4 Ra4
37.Kg5 b4 38.Kh6 Rxa3 39.Rf1 Ra2 40.Kg7 f5 41.Rf4 Rxg2 42.Rxb4 h5 43.Rb7+ Kd6
44.Kf6 hxg4 45.hxg4 fxg4 46.Rb6+ Kd5 47.Rxa6 Rf2+ 48.Kg5 g3 49.Kh4 g2 50.Ra5+ Kd4
51.Rg5 Kd3 52.Kh3 Ke2  0-1

[Event "Calcutta op"]
[Site "Calcutta"]
[Date "1996.??.??"]
[Round "9"]
[White "Kunte, Abhijit"]
[Black "Saravanan, V."]
[Result "1-0"]
[WhiteElo "2345"]
[BlackElo "2375"]

1.e4 c5 2.c3 Nf6 3.e5 Nd5 4.Bc4 Nb6 5.Bb3 Nc6 6.Nf3 g6 7.O-O Bg7 8.Re1 O-O
9.d4 cxd4 10.cxd4 d6 11.Nbd2 d5 12.h3 Kh8 13.Nf1 f6 14.exf6 exf6 15.Bf4 g5
16.Be3 h6 17.N3h2 Bf5 18.Ng3 Bh7 19.Nh5 Qd7 20.Bc2 Qf7 21.Bxh7 Kxh7 22.Nf1 Nc4
23.b3 Nxe3 24.Nxe3 f5 25.Nxg7 Kxg7 26.Qd3 Rae8 27.Qxf5 Re4 28.Qxf7+ Rxf7
29.Nxd5 Rxd4 30.Rad1 Rxd1 31.Rxd1 Rd7 32.Ne3 Rxd1+ 33.Nxd1 Kf6 34.Kf1 Ke5
35.Ke2 h5 36.Ke3 Nb4 37.Nc3 b6 38.g3 Nc2+ 39.Kd2 Nd4 40.Ne2 Nc6 41.f4+ gxf4
42.Nxf4  1-0

[Event "Calcutta op"]
[Site "Calcutta"]
[Date "1996.??.??"]
[Round "9"]
[White "Roy Chowdhury, Biswajit"]
[Black "Satyapragyan, S."]
[Result "1/2-1/2"]
[WhiteElo "2085"]
[BlackElo "2205"]

1.e4 c5 2.c3 Nf6 3.e5 Nd5 4.d4 cxd4 5.Nf3 Nc6 6.Bc4 Nb6 7.Bb3 d5 8.exd6 Qxd6
9.cxd4 Bf5 10.Nc3 e6 11.O-O Be7 12.d5 exd5 13.Bxd5 O-O 14.Bxc6 bxc6 15.Qxd6 Bxd6
16.Nd4 Bd7 17.Ne4  1/2-1/2

[Event "Calcutta op"]
[Site "Calcutta"]
[Date "1996.??.??"]
[Round "9"]
[White "Ravi, Thandalam Shanmugam"]
[Black "Bakre, Tejas"]
[Result "1-0"]
[WhiteElo "2345"]
[BlackElo "2170"]

1.e4 c5 2.c3 Nf6 3.e5 Nd5 4.d4 cxd4 5.Nf3 Nc6 6.cxd4 d6 7.Nc3 dxe5 8.dxe5 Nxc3
9.Qxd8+ Nxd8 10.bxc3 Bd7 11.Rb1 Rc8 12.Bd2 e6 13.Be2 Bc5 14.Nd4 Bxd4 15.cxd4 Rc2
16.a3 Bc6 17.f3 Ra2 18.Bb4 Bd5 19.Bd6 b6 20.Rc1 Nc6 21.Bb5 Kd7 22.O-O Rd2
23.Rc3 f6 24.Rfc1 Rc8 25.Ba6 Rd8 26.Bb7 Nxd4 27.Rc7+ Ke8 28.Re7+ Kf8 29.Rcc7 Nf5
30.Red7+ Ke8 31.Rf7 Rxd6 32.exd6 Nxd6 33.Rxg7 Kf8 34.Rxh7 Kg8 35.Bxd5 Rxd5
36.Rhd7 Ne8 37.Rxd5 exd5 38.Rxa7 Nd6 39.Rd7 Nb5 40.Rxd5 Nxa3 41.Rd6 b5 42.Rxf6 b4
43.Rb6  1-0

[Event "Cannes op"]
[Site "Cannes"]
[Date "1996.??.??"]
[Round "2"]
[White "Pavasovic, Dusko"]
[Black "Perdomo, Carlos Andres"]
[Result "1-0"]
[WhiteElo "2425"]
[BlackElo "2305"]

1.e4 c5 2.c3 Nf6 3.e5 Nd5 4.d4 cxd4 5.Nf3 e6 6.cxd4 Nc6 7.Bc4 Nb6 8.Bb3 d5
9.O-O Be7 10.Nc3 a6 11.Qe2 Bd7 12.Bc2 Rc8 13.a3 Nc4 14.b3 N4a5 15.Bd2 b5
16.Rfc1 Qb6 17.Qd3 Rc7 18.Ne2 Nb7 19.b4 a5 20.Rcb1 g6 21.h4 O-O 22.h5 Rfc8
23.hxg6 fxg6 24.Nf4 Be8 25.Bb3 Ncd8 26.Bxd5 exd5 27.Nxd5 Qc6 28.Nxc7 Rxc7
29.Rc1 Qd7 30.Rxc7 Qxc7 31.d5 a4 32.d6 Qd7 33.Rc1 Ne6 34.Qd5 Kg7 35.Nd4 Nbd8
36.Nxb5 Qxb5 37.Qxb5 Bxb5 38.dxe7 Nb7 39.Rc8 Kf7 40.Rb8 Bc6 41.e8=Q+ Bxe8
42.Rxb7+  1-0

[Event "Cannes Martinez op"]
[Site "Cannes"]
[Date "1996.??.??"]
[Round "2"]
[White "Kuntz, Pierre"]
[Black "Leib, Agripa"]
[Result "1/2-1/2"]
[WhiteElo "2215"]
[BlackElo "2150"]

1.e4 c5 2.c3 Nf6 3.e5 Nd5 4.d4 cxd4 5.Nf3 Nc6 6.Bc4 Nb6 7.Bb3 d5 8.exd6 Qxd6
9.O-O Be6 10.Na3 Bxb3 11.Qxb3 Qd5 12.Nb5 Rc8 13.Nfxd4 Qxb3 14.axb3 a6 15.Nxc6 Rxc6
16.Nd4 Rc8 17.b4 e6 18.b5 Ra8 19.bxa6 bxa6 20.Be3 Be7 21.Nc6 Bf6 22.Rfd1 O-O
23.Bd4 Rfc8 24.Bxf6 Rxc6 25.Rxa6 gxf6 26.Rxa8+ Nxa8 27.Rd8+ Kg7 28.Rxa8 Rd6
29.Kf1 Rd2 30.b4 Rc2 31.Rc8 Kg6 32.Rc5 e5 33.b5 Rb2 34.c4 Kf5 35.Rc6 Ke4
36.g4 f5 37.gxf5 Kf3 38.Ke1 Rxf2 39.Rh6 Rc2 40.Rxh7 Rxc4 41.Rh3+ Kg4 42.Rb3 Rc7
43.b6 Rb7 44.Ke2 Kxf5  1/2-1/2

[Event "Cannes Martinez op"]
[Site "Cannes"]
[Date "1996.??.??"]
[Round "2"]
[White "Kovarcic, Gilles"]
[Black "Kirov, Nino"]
[Result "0-1"]
[WhiteElo "2115"]
[BlackElo "2440"]

1.e4 c5 2.c3 Nf6 3.e5 Nd5 4.d4 cxd4 5.Nf3 Nc6 6.cxd4 g6 7.Nc3 Nxc3 8.bxc3 Bg7
9.Bc4 O-O 10.O-O d6 11.exd6 Qxd6 12.a4 Qc7 13.Ba2 Na5 14.Qe2 Bg4 15.h3 Bxf3
16.Qxf3 Rac8 17.Re1 e6 18.Bd2 b6 19.Rac1 Nc4 20.Bg5 Qc6 21.Qxc6 Rxc6 22.d5 exd5
23.Re7 h6 24.Bf4 g5 25.Bg3 a6 26.Rd7 Rc5 27.Bd6 Nxd6 28.Rxd6 d4 29.Rxb6 dxc3
30.Rxa6 Rb8 31.Ra7 Rf5 32.g4 Rf4 33.Bd5 Bd4 34.Rd7 Bxf2+ 35.Kh1 Be3 36.Re1 c2
37.Rc7 Rb1  0-1

[Event "Cannes Martinez op"]
[Site "Cannes"]
[Date "1996.??.??"]
[Round "2"]
[White "Midoux, Sebastien"]
[Black "Lazarev, Vladimir"]
[Result "0-1"]
[WhiteElo "2245"]
[BlackElo "2455"]

1.e4 c5 2.c3 Nf6 3.e5 Nd5 4.d4 cxd4 5.Nf3 Nc6 6.Bc4 Nb6 7.Bb3 g6 8.cxd4 Bg7
9.Bf4 O-O 10.O-O d5 11.exd6 exd6 12.h3 Bf5 13.Nc3 a6 14.Qd2 Na5 15.Bh6 Nxb3
16.axb3 Re8 17.Bxg7 Kxg7 18.Rfe1 Qf6 19.Re3 Rxe3 20.Qxe3 Qe6 21.Qxe6 Bxe6
22.Nd2 f5 23.Kf1 Kf6 24.Ke2 Re8 25.Kd3 Nd5 26.Nxd5+ Bxd5 27.f3 h5 28.Nc4 f4
29.Rc1 Re6 30.Kd2 b5 31.Na5 Kg5 32.Nc6 Bxb3 33.Ra1 Bc4 34.Nb4 Re2+ 35.Kc3 Re3+
36.Kc2 Re2+ 37.Kc3 Rxg2 38.b3 Be2 39.Rxa6 Bxf3 40.Rxd6 Be2  0-1

[Event "Cannes Martinez op"]
[Site "Cannes"]
[Date "1996.??.??"]
[Round "4"]
[White "Midoux, Sebastien"]
[Black "Kirov, Nino"]
[Result "1/2-1/2"]
[WhiteElo "2245"]
[BlackElo "2440"]

1.e4 c5 2.c3 Nf6 3.e5 Nd5 4.d4 cxd4 5.Nf3 Nc6 6.Bc4 Nb6 7.Bb3 g6 8.cxd4 Bg7
9.Bf4 O-O 10.O-O d6 11.exd6 exd6 12.h3 h6 13.Nc3 Qf6 14.Be3 Bd7 15.Re1 Rae8
16.Rc1 Re7 17.Nd5 Nxd5 18.Bxd5 Rfe8 19.Qd2 Qf5 20.Bc4 Qa5 21.Red1 Qxd2 22.Rxd2 g5
23.a3 a6 24.b4 Bf5 25.Bd5 Rc8 26.Bxc6 Rxc6 27.Rxc6 bxc6 28.d5 Rc7 29.Nd4 Bxd4
30.Rxd4 c5 31.bxc5 Rxc5 32.Kf1 Bd7 33.Bd2 a5 34.h4 f6 35.hxg5 hxg5 36.f4 g4
37.f5 Bxf5 38.Bf4 Rc3 39.Bxd6 g3 40.Rf4 Bd7  1/2-1/2

[Event "Cannes Martinez op"]
[Site "Cannes"]
[Date "1996.??.??"]
[Round "4"]
[White "Kovarcic, Gilles"]
[Black "Maiffret, Patrick"]
[Result "1-0"]
[WhiteElo "2115"]
[BlackElo "1990"]

1.e4 c5 2.c3 Nf6 3.e5 Nd5 4.d4 cxd4 5.Nf3 b6 6.cxd4 e6 7.Bd3 Ba6 8.O-O Qc7
9.a3 Bxd3 10.Qxd3 d6 11.Re1 Nd7 12.Bd2 Be7 13.Nc3 Nxc3 14.Rac1 Ne2+ 15.Rxe2 Qb7
16.d5 Nc5 17.Qb5+ Qd7 18.Qxd7+ Kxd7 19.exd6 Bxd6 20.b4 Nb7 21.dxe6+ fxe6
22.Rd1 h6 23.Bf4 Ke7 24.Bxd6+ Nxd6 25.Ne5 Rhc8 26.f4 Rc7 27.Red2 Nf5 28.Rd7+ Rxd7
29.Rxd7+ Kf8 30.Kf2 h5 31.Ke2 Ke8 32.Kd2 a6 33.Rb7 Rd8+ 34.Kc3 b5 35.Rb6 Rd6
36.Rxd6 Nxd6 37.Kd4 Kd8 38.h3 Kc7 39.g4 hxg4 40.hxg4 Kb6 41.Nd7+ Kc6 42.Nc5 e5+  1-0

[Event "Cannes Martinez op"]
[Site "Cannes"]
[Date "1996.??.??"]
[Round "5"]
[White "Leoncini, Mario"]
[Black "Palamara, G."]
[Result "1-0"]
[WhiteElo "2195"]
[BlackElo "1960"]

1.e4 c5 2.c3 Nf6 3.e5 Nd5 4.d4 cxd4 5.Nf3 Nc6 6.Bc4 Nb6 7.Bb3 d5 8.exd6 Qxd6
9.O-O Be6 10.Bxe6 Qxe6 11.Nxd4 Nxd4 12.Qxd4 Qd5 13.Qxd5 Nxd5 14.c4 Nb4 15.Nc3 Nc6
16.Be3 a6 17.Nd5 O-O-O 18.Nb6+ Kc7 19.Rfd1 Rxd1+ 20.Rxd1 Nb8 21.Na8+ Kc8
22.Nb6+ Kc7 23.c5 e6 24.Bf4+ Kc6 25.Bxb8 Bxc5 26.Nd7 f6 27.Nxc5 Kxc5 28.Bf4 e5
29.Be3+ Kc6 30.Kf1 h5 31.Ke2 Re8 32.Rc1+ Kd7 33.Bb6 Re6 34.Rc7+ Kd8 35.Rxb7+ Kc8
36.Rc7+  1-0

[Event "Cannes op"]
[Site "Cannes"]
[Date "1996.??.??"]
[Round "6"]
[White "Goldgewicht, Lionel"]
[Black "Mantovani, Renzo"]
[Result "0-1"]
[WhiteElo "2325"]
[BlackElo "2365"]

1.e4 c5 2.c3 Nf6 3.e5 Nd5 4.d4 cxd4 5.Nf3 e6 6.cxd4 b6 7.a3 Be7 8.Nbd2 Bb7
9.Ne4 Ne3 10.Nd6+ Bxd6 11.Bxe3 Be7 12.Bd3 O-O 13.h4 f5 14.exf6 gxf6 15.Bxh7+ Kxh7
16.Ng5+ Kg6 17.Nxe6 Bb4+ 18.axb4 dxe6 19.Rh3 Kf7 20.Rg3 Qd5 21.Bh6 Rg8 22.Rxg8 Qe4+
23.Be3 Kxg8 24.Rc1 Qxg2 25.Qh5 Nc6 26.b5 Ne7 27.Rc7 Bf3 28.Qh6 Qg1+ 29.Kd2 Qd1+
30.Kc3 Nd5+ 31.Kc4 Qc2+  0-1

[Event "Cannes Martinez op"]
[Site "Cannes"]
[Date "1996.??.??"]
[Round "6"]
[White "Afek, Yochanan"]
[Black "Bacrot, Etienne"]
[Result "1-0"]
[WhiteElo "2355"]
[BlackElo "2470"]

1.e4 c5 2.c3 Nf6 3.e5 Nd5 4.Nf3 Nc6 5.Bc4 Nb6 6.Bb3 c4 7.Bc2 d6 8.exd6 Qxd6
9.O-O Bg4 10.Qe2 Qe6 11.Qxe6 Bxe6 12.d4 cxd3 13.Bxd3 Rd8 14.Bc2 g6 15.Bf4 Bg7
16.Nbd2 O-O 17.Rfe1 Bf5 18.Bxf5 gxf5 19.Bc7 Rd7 20.Bxb6 axb6 21.Nc4 b5 22.Ne3 e6
23.Rad1 Rxd1 24.Rxd1 b4 25.cxb4 Nxb4 26.a3 Nc6 27.b3 Rc8 28.g3 Rc7 29.a4 Bf6
30.Nc4 Nb4 31.Nfe5 Nd5 32.f4 Be7 33.Rd3 h5 34.Kg2 h4 35.Ne3 Nxe3+ 36.Rxe3 Rc2+
37.Kh3 hxg3 38.Rxg3+ Kf8 39.Rd3 Ke8 40.Kg3 Bc5 41.h4 Rc1 42.h5 Rh1 43.Rc3 Bd6
44.Rc8+ Ke7 45.Rh8 Kf6 46.Nf3 Kg7 47.Rd8 Bc5 48.Rd7 b6 49.Ng5  1-0

[Event "Cannes Martinez op"]
[Site "Cannes"]
[Date "1996.??.??"]
[Round "6"]
[White "Midoux, Sebastien"]
[Black "Fontaine, Robert"]
[Result "0-1"]
[WhiteElo "2245"]
[BlackElo "2360"]

1.e4 c5 2.c3 Nf6 3.e5 Nd5 4.d4 cxd4 5.Nf3 Nc6 6.Bc4 Nb6 7.Bb3 g6 8.cxd4 Bg7
9.Bf4 O-O 10.O-O d5 11.exd6 exd6 12.h3 Bf5 13.Nc3 a6 14.Re1 d5 15.Rc1 Rc8
16.Na4 Nxa4 17.Bxa4 Qb6 18.Qb3 Qxb3 19.Bxb3 Be4 20.Ng5 Nxd4 21.Rxc8 Rxc8
22.Nxe4 dxe4 23.Bd5 Rc2 24.Rxe4 Ne6 25.Be3 Rxb2 26.Rc4 h5 27.Rc8+ Kh7 28.g4 hxg4
29.hxg4 Bh6 30.Bxh6 Kxh6 31.Rb8 b6 32.Rb7 Nf4 33.Bxf7 Kg5 34.f3 Kh4 35.Kf1 Kg3
36.Ke1 Kxf3 37.Bb3 b5 38.Rb6 a5 39.Rxb5 Nd3+ 40.Kd1 Ke3  0-1

[Event "Cannes Martinez op"]
[Site "Cannes"]
[Date "1996.??.??"]
[Round "8"]
[White "Palamara, G."]
[Black "Muller, Anne"]
[Result "0-1"]
[WhiteElo "1960"]
[BlackElo "2170"]

1.e4 c5 2.c3 Nf6 3.e5 Nd5 4.d4 cxd4 5.Bc4 Qc7 6.Qe2 Nb6 7.Bd3 Nc6 8.Nf3 e6
9.O-O Be7 10.Bf4 Nd5 11.Bd2 f5 12.cxd4 Qb6 13.Bc3 O-O 14.Rd1 Bd8 15.Bc4 Nce7
16.Be1 Qc6 17.Na3 a6 18.Rac1 Qb6 19.Bb3 Qa7 20.Nc4 b5 21.Nd6 Bb6 22.Rc2 Bb7
23.Nxb7 Qxb7 24.Rdc1 Qa7 25.Qd1 Rad8 26.a4 Qb7 27.axb5 axb5 28.Ra1 Ra8 29.Rcc1 h6
30.h4 Nf4 31.Bb4 Rfe8 32.g3 Nfd5 33.Bc5 Rxa1 34.Rxa1 Rc8 35.Rc1 Bxc5 36.Rxc5 Ra8
37.Ne1 Rf8 38.Qe2 b4 39.Qb5 Qa7 40.Nc2 f4 41.Qa5 Qb8 42.Qb5 fxg3 43.fxg3 Qe8
44.Qe2 Qg6 45.Bxd5 Nxd5 46.Kh2 Qf5 47.Kg1 Qh3 48.Qg2 Qg4 49.Kh2 b3 50.Rxd5 exd5
51.Qxd5+ Kh7 52.Ne3 Rf2+ 53.Kg1 Qxg3+ 54.Ng2 Re2 55.Kh1 Rxb2 56.Qe4+ Qg6
57.Qxg6+ Kxg6 58.Nf4+ Kf5 59.Nd3 Rd2  0-1

[Event "Cannes Martinez op"]
[Site "Cannes"]
[Date "1996.??.??"]
[Round "9"]
[White "Palamara, G."]
[Black "Maiffret, Patrick"]
[Result "1-0"]
[WhiteElo "1960"]
[BlackElo "1990"]

1.e4 c5 2.c3 Nf6 3.e5 Nd5 4.d4 cxd4 5.cxd4 e6 6.Bc4 Bb4+ 7.Nd2 Nc6 8.Nf3 O-O
9.O-O d6 10.a3 Ba5 11.b4 Bc7 12.Re1 Nf4 13.Qc2 dxe5 14.dxe5 Nxe5 15.Nxe5 Qg5
16.g3 Bxe5 17.Nf3 Nh3+ 18.Kf1 Qh5 19.Nxe5 b5 20.Qe2 Qf5 21.Bd3 Qf6 22.Bb2 Qe7
23.Qh5 Ng5 24.h4 f6 25.hxg5  1-0

[Event "Cannes op"]
[Site "Cannes"]
[Date "1996.??.??"]
[Round "9"]
[White "Strikovic, Aleksa"]
[Black "Fercec, Nenad"]
[Result "1/2-1/2"]
[WhiteElo "2520"]
[BlackElo "2405"]

1.e4 c5 2.c3 Nf6 3.e5 Nd5 4.d4 cxd4 5.Qxd4 e6 6.Bc4 Nc6 7.Qe4 Qc7 8.Nf3 f5
9.Qe2 Nde7 10.O-O Ng6 11.Re1 Ngxe5 12.Nxe5 Nxe5 13.Qxe5 Qxc4 14.Qxf5 Qc6
15.Nd2 b6 16.Nf3 Bb7  1/2-1/2

[Event "Cappelle op"]
[Site "Cappelle la Grande "]
[Date "1996.??.??"]
[Round "1"]
[White "Lane, Gary W"]
[Black "Dvoirys, Semen I"]
[Result "0-1"]
[WhiteElo "2400"]
[BlackElo "2585"]

1.e4 c5 2.c3 Nf6 3.e5 Nd5 4.d4 cxd4 5.Nf3 e6 6.cxd4 d6 7.a3 Nc6 8.Bd3 dxe5
9.dxe5 Be7 10.O-O g5 11.Qe2 g4 12.Ne1 Qc7 13.Bh6 Bd7 14.Nd2 Qxe5 15.Qxg4 Qf6
16.Bg7 Rg8 17.Bxf6 Rxg4 18.h3 Ra4 19.Bxe7 Kxe7 20.b4 Ncxb4 21.Bc4 Rc8 22.Nef3 Nc2
23.Ra2 Raxc4 24.Nxc4 Rxc4 25.Rc1 Nxa3 26.Rxc4 Nxc4 27.Rxa7 h5 28.Nd4 b5 29.Kf1 Kd6
30.Ke1 e5 31.Nb3 Nf4 32.g3 Nxh3 33.Rb7 Na3 34.Rb6+ Kd5  0-1

[Event "Cappelle op"]
[Site "Cappelle la Grande "]
[Date "1996.??.??"]
[Round "1"]
[White "Van Beers, Eddy"]
[Black "Nijboer, Friso"]
[Result "1/2-1/2"]
[WhiteElo "2270"]
[BlackElo "2475"]

1.e4 c5 2.c3 Nf6 3.e5 Nd5 4.d4 cxd4 5.Nf3 Nc6 6.Bc4 Nb6 7.Bb3 d5 8.exd6 Qxd6
9.O-O Be6 10.Na3 dxc3 11.Nb5 Qxd1 12.Rxd1 Rc8 13.Bxe6 fxe6 14.Nxc3 g6 15.Re1 Bg7
16.Rxe6 O-O 17.Bg5 Rf5 18.Rd1 Bxc3 19.bxc3 Rc7 20.h4 Rd7 21.Rxd7 Nxd7 22.Nd4 Re5
23.Rxe5 Ndxe5 24.Kf1 Nxd4 25.cxd4 Nc6 26.d5 Nb4 27.Bxe7 Nxa2 28.Bc5 Kf7 29.Bxa7 Nc3
30.g4 Nxd5 31.f3 Ke6 32.Ke2 Ke5 33.Bc5 b5 34.Ba3 b4 35.Bc1 Kd4 36.Kd2 Kc4
37.Kc2 b3+ 38.Kd2 Nb4 39.Bb2 Nd3 40.Bf6 Nc5 41.h5 gxh5 42.gxh5 Na4 43.h6 Kd5
44.Bg7 Ke6 45.f4 Kf5 46.Be5 Ke4 47.Bb8 Kd4 48.Be5+ Kc4 49.Bd6 Nc3 50.Kc1 Ne2+
51.Kb2 Ng3 52.Be5 Nf5 53.Bg7 Kb4 54.Bf8+ Ka4 55.Kc3 Ne3 56.Kb2 Nc4+ 57.Kc3 Ne3
58.Kb2 Nd1+ 59.Kc1 Nf2 60.Kd2 Ne4+ 61.Kc1 Ng3 62.Kb2 Nf5 63.Kc3 Ng3 64.Kb2 Nf5  1/2-1/2

[Event "Cappelle op"]
[Site "Cappelle la Grande "]
[Date "1996.??.??"]
[Round "1"]
[White "Motwani, Paul"]
[Black "Werner, Clemens"]
[Result "1/2-1/2"]
[WhiteElo "2505"]
[BlackElo "2325"]

1.e4 c5 2.c3 Nf6 3.e5 Nd5 4.Nf3 d6 5.d4 cxd4 6.Qxd4 e6 7.Nbd2 Nc6 8.Bb5 Bd7
9.Bxc6 Bxc6 10.Nc4 dxe5 11.Ncxe5 Qb6 12.Qxb6 axb6 13.Nd4 Rc8 14.Bd2 Bd6 15.Ndxc6 bxc6
16.Nd3 O-O 17.c4 Ne7 18.Ke2 e5 19.f3 Rfe8 20.Be3 Rb8 21.g4 f5 22.Rad1 e4
23.fxe4 fxg4 24.Nf2 Be5 25.Nxg4 Bxb2 26.Rb1 Bc3 27.Rb3 Ba5 28.Rd1 Ng6 29.Nf2  1/2-1/2

[Event "Cappelle op"]
[Site "Cappelle la Grande "]
[Date "1996.??.??"]
[Round "6"]
[White "Van Beers, Eddy"]
[Black "Krakops, Maris"]
[Result "1/2-1/2"]
[WhiteElo "2270"]
[BlackElo "2490"]

1.e4 c5 2.c3 Nf6 3.e5 Nd5 4.d4 cxd4 5.Nf3 Nc6 6.Bc4 Nb6 7.Bb3 d6 8.exd6 Qxd6
9.O-O Be6 10.Na3 Bxb3 11.axb3 a6 12.b4 Qd5 13.Qe2 e6 14.Rd1 Qh5 15.Nxd4 Qxe2
16.Nxe2 Be7 17.Nf4 O-O 18.Be3 Na4  1/2-1/2

[Event "Catalunya-chT"]
[Site "Catalunya"]
[Date "1996.??.??"]
[Round "?"]
[White "Baron Isanta, Jose Maria"]
[Black "Rodriguez, Jose Manuel"]
[Result "1-0"]
[WhiteElo "2310"]
[BlackElo "2240"]

1.e4 c5 2.c3 Nf6 3.e5 Nd5 4.d4 cxd4 5.Nf3 Nc6 6.Bc4 Nb6 7.Bb3 d5 8.exd6 Qxd6
9.O-O e6 10.cxd4 Be7 11.Nc3 O-O 12.Ne4 Qc7 13.a3 Nd5 14.Re1 Bd7 15.Qd3 Rac8
16.Bd2 Nf4 17.Qc2 Rfd8 18.Rad1 Be8 19.Neg5 g6 20.Qe4 Bxg5 21.Nxg5 Rxd4 22.Qf3 Rd3
23.Nxe6 fxe6 24.Bxf4 Rxf3 25.Bxe6+ Bf7 26.Bxc7 Rxc7 27.gxf3 Bxe6 28.Rxe6 Kf7
29.Red6 Ke7 30.R6d5 Ke6 31.Kg2 Ne5 32.R5d4 Nc4 33.Re1+ Kf5 34.Re2 a6 35.Kg3 b5
36.a4 Rc5 37.axb5 axb5 38.Rd7 h5 39.Rf7+ Kg5 40.h4+  1-0

[Event "Catalunya-chT"]
[Site "Catalunya"]
[Date "1996.??.??"]
[Round "?"]
[White "Baron Isanta, Jose Maria"]
[Black "Gual Pascual, Antonio"]
[Result "1/2-1/2"]
[WhiteElo "2310"]
[BlackElo "2390"]

1.e4 c5 2.c3 Nf6 3.e5 Nd5 4.d4 cxd4 5.Nf3 Nc6 6.Bc4 Nb6 7.Bb3 d5 8.exd6 Qxd6
9.O-O Be6 10.Bxe6 Qxe6 11.Nxd4 Nxd4 12.Qxd4 Rd8 13.Qh4 Qe2 14.Nd2 h5 15.a4 Qg4  1/2-1/2